| 000 | 01754nam a2200349 a 4500 | ||
|---|---|---|---|
| 005 | 2009121200140.0 | ||
| 008 | 060711r20081994mnua j 000 1 eng | ||
| 010 | _aB-384991-993 | ||
| 020 |
_a9781846470103 _c110.00 |
||
| 035 | _aB-384991-993 | ||
| 037 | _bBlueberry Books | ||
| 040 |
_adpl _bEnglish |
||
| 082 | _aS | ||
| 100 | _aRodda, Emily | ||
| 245 |
_aThe charm bracelet / _cby Emily Rodda |
||
| 260 |
_aLondon _bCatnip Books _c2006 |
||
| 270 |
_aIslington Business Centre, 3-5 Islington High Street, _bLondon |
||
| 300 |
_a90 p. _c20cm(pbk) |
||
| 490 |
_aFairy realm ; _vbook. 1 |
||
| 500 | _aSequel: The flower fairies. | ||
| 500 | _a"Originally published under the name Mary-Anne Dickinson as the Storytelling charms series, 1994"--Copyright p. | ||
| 520 | _aWhen Jessie searches for her ill grandmother's missing charm bracelet, she is led to a magical world and finds she has a reason and right to be there. | ||
| 650 |
_aGrandmothers _vFiction. |
||
| 650 |
_aFairies _vFiction. |
||
| 650 |
_aBracelets _vFiction. |
||
| 650 |
_aMagic _vFiction. |
||
| 942 |
_2ddc _cCH _hS _mROD |
||
| 999 |
_c32591 _d32591 |
||